| 000 | 02131nam a2200337 a 4500 | ||
|---|---|---|---|
| 003 | DO-SdBNP | ||
| 005 | 20241112092010.0 | ||
| 008 | 130307s2009 dr 000 0 spa d | ||
| 020 | _a9993430412 | ||
| 040 |
_aDO-SdBPM _bspa _cBPMSU |
||
| 082 | 4 |
_a330.97293 _bN964l 2002 _222 |
|
| 245 | 1 | 0 |
_aNueva literatura económica dominicana : _bPremios del Concurso de Economía Biblioteca "Juan Pablo Duarte" 2002/ _cPeter Prazmowski... [y otros] ; edición Grey S. de Raful y Betania Corletto |
| 260 |
_aSanto Domingo : _bBanco Central de la República Dominicana, _c2002 |
||
| 300 |
_a280 p. ; _c24 cm. |
||
| 490 | 0 |
_aBanco Central de la República Dominicana; _anueva literatura económica, _v51/5 |
|
| 500 | _aIncluye referencias bibliográficas y notas al pie de las páginas | ||
| 500 | _aPrimios del Concurso de Economía "Biblioteca Juan Pablo Duarte"2001 | ||
| 505 | 0 |
_t Consumo, ahorro y la teoría del ciclo vital estocástico con movilidad parcial de capitales : el caso de la República Dominicana _r Peter A. Prazmowski -- _t La programación financiera y la gestión pública / _r Rodrigo Jaque García -- _t Dominicana en la era de la globalización / _rJerson del Rosario -- _tSituación de desempeño de Fondos de Pensiones _rFelipe Antonio Llaugel -- _t Viabilidad del comercio electrónico en el mercado dominicano / _rMarjorie Castillo Tezanos _tColección del Banco Central de la República Dominicana. |
|
| 586 | _aPremios del Concurso de Economía Biblioteca "Juan Pablo Duarte" | ||
| 590 | _aInventariado, 2024/VM | ||
| 650 | 4 |
_aMercado laboral _zRepública Dominicana _vCongresos, conferencias, etc. |
|
| 650 | 4 |
_aRegistro civil _zRepública Dominicana _vCongresos, conferencias, etc. |
|
| 650 | 4 |
_aEstabilidad económica _zRepública Dominicana _vCongreos, conferencias, etc. |
|
| 650 | 4 |
_aSeguridad social _zRepública Dominicana _vCongresos, conferencias, etc. |
|
| 700 | 1 |
_aPrazmowski, Peter _e |
|
| 700 | 1 |
_a Raful, Grey S. de _eeditor |
|
| 700 | 1 |
_aCorletto, Betania _eeditor |
|
| 710 | 2 | _aBanco Central de la República Dominicana | |
| 910 | _aVMateo V. Control de calidad. BPMSU | ||
| 942 |
_2ddc _cBK |
||
| 999 |
_c14857 _d14857 |
||